000 00842nam a22002177a 4500
999 _c1701
_d1701
003 AR-CdUCM
008 190227b ||||| |||| 00| 0 spa d
020 _a968816013X
040 _aMUNICIPALIDAD PROVINCIAL DEL CUSCO
_cBIBLIOTECA MUNICIPAL DEL CUSCO
082 _a923.1 /
_bJ52SI
100 _aSierra Brabatta, Carlos J.
_92990
245 _a21 de Marzo :
_brelación histórica del natalicio del presidente Juarez /
260 _aMéxico :
_bTalleres offset e impresos s.a,
_c1982.
300 _a95 páginas ;
_c21 cm.
505 _aCrónica de un natalicio -- El aniversario adquiere forma jurídica -- El natalicio en la consagración popular -- Juárez en la secretaria de hacienda --
650 _aSan Pablo Guelatao
_96295
650 _aPolitica
_9291
650 _aMéxico
_918
942 _2ddc
_cLIBROS
945 _aafb
_d2019-02-27